| 000 | 01758nam a2200541 i 4500 | ||
|---|---|---|---|
| 001 | 51072 | ||
| 003 | KOSZ 005 | ||
| 005 | 20211207100158.0 | ||
| 008 | 040130s2004 pl |001 0 pol | ||
| 015 | _aUWD 2004/2984 | ||
| 020 | _a8373611711 | ||
| 035 | _a991022229859705066 | ||
| 035 | _a(PL-WaBN)b15998198-48omnis_nlop | ||
| 035 | _ab15998198 | ||
| 035 | _a(OCoLC)749423756 | ||
| 035 | _a(PL)b0000001599819 | ||
| 035 | _a(EXLNZ-48OMNIS_NETWORK)9910372670405606 | ||
| 040 |
_aWA N _cWA N _dKOSZ 005/HR |
||
| 041 | 1 |
_apol _heng |
|
| 046 | _k2004 | ||
| 080 | _a004.438 | ||
| 080 | _a004.045 | ||
| 080 | _a(07) | ||
| 100 | 1 |
_aShtern, Victor _eAutor |
|
| 245 | 1 | 0 |
_aC++ : _binżynieria programowania / _cVictor Shtern ; [tł. Daniel Kaczmarek, Adam Majczak, Rafał Majczak]. |
| 246 | 1 |
_iTyt. oryg.: _aCore C++, _f2001 |
|
| 260 |
_aGliwice : _b"Helion", _ccop. 2004. |
||
| 300 |
_a1084 s. ; _c25 cm. |
||
| 336 |
_aTekst _btxt _2rdacontent |
||
| 337 |
_aBez urządzenia pośredniczącego _bn _2rdamedia |
||
| 338 |
_aWolumin _bnc _2rdacarrier |
||
| 380 | _aKsiążki | ||
| 388 | _a2001- | ||
| 490 | 1 | _aCore | |
| 504 | _aIndeks. | ||
| 650 | 7 |
_aC++ (język programowania) _2DBN |
|
| 650 | 7 |
_aProgramowanie obiektowe _2DBN |
|
| 655 | 7 |
_aPodręcznik _2DBN |
|
| 658 | _aInformatyka i technologie informacyjne | ||
| 700 | 1 |
_aKaczmarek, Daniel _eTłumaczenie |
|
| 700 | 1 |
_aMajczak, Adam _c(programista) _eTłumaczenie |
|
| 700 | 1 |
_aSzpoton, Rafał _eTłumaczenie |
|
| 710 | 2 |
_aHelion _4pbl |
|
| 830 | 0 | _aCore | |
| 856 |
_uhttp://koha.tu.koszalin.pl/cgi-bin/koha/opac-detail.pl?biblionumber=51072 _yKatalog online BPK |
||
| 942 |
_2UKD _cKS |
||
| 999 |
_c51072 _d51072 |
||